離別賦

資料類型: Book 圖書   書目號:47166

Leader xxxxxxxxxx
005 __ 20140410141010
010 0_ |a978-986-6135-33-0|b平裝|dNT$220
020 __ |atw|b100008379
100 __ |a20140616d2011    m  y0chiy50      e
101 0_ |achi
102 __ |atw
105 __ |ay   z   000cy
200 1_ |a離別賦|f張輝誠著
205 __ |a初版
210 __ |a新北市中和區|cINK印刻文學|d2011[民100]
215 0_ |a207面|d21公分
225 12 |a文學叢書|v291
606 1_ |2cst|a中國散文
681 __ |a855|b1190|v增訂八版
700 _1 |a|b輝誠|4806 __ |aL30|u20140107|xFour corners|831355007033591
681 __ |a855|b8762
801 _0 |atw|b內湖高中|c20140616|gCCR
詳細館藏(共 1 筆)
索 書 號登 錄 號冊次號館別 / 館藏地流通類型狀態加入預約清單電子資源
855 / 8762 1021563  圖書館 / 一樓普通區 可外借30天 在館   

| 條列資料




目錄查詢 分類查詢 個人資料 圖書薦購 新書查詢 閉館日 排行榜 更多電子資源 Hami書城 線上資料庫 登出

From : 216.73.216.116

  本日流通累計至 21:29:19 借閱 : 6 次 續借 : 0 次 歸還 : 8 次 預約 : 0 次 電子資源 : 0 次


內湖高中圖書館  PCLIS 版本  25.5.0.2